Responses for Show #4070 - Friday, April 19, 2002

Contestants

[<< previous game]

Julie Moncrieff, an office manager from Chicago, Illinois

Patrick Brannan, a senior manager from Takoma Park, Maryland

Kevin Friloux, a stockbroker from Houston, Texas (whose 1-day cash winnings total $10,199)

[next game >>]

Jeopardy! Round responses

NEW JERSEY EXITS
BOOZE-A-PALOOZA
SHERLOCK'S ADVENTURES
FEELIN' BLUE
HANDY TRAVEL PHRASES
MOVIE CROSSWORD CLUES "G"
    $200 26
Thomas Edison

Patrick
    $200 6
quicker

Julie
    $200 21
Patient

Kevin
    $200 16
a blue jay

Patrick
    $200 1
Camping prohibited (No camping)

Kevin
    $200 11
Gentlemen

Kevin
    $400 27
Einstein

Kevin
    $400 7
christen it

Patrick
    $400 22
(Julie: What are spectacles?)
...
(Alex: They are [*]. They pinch the nose.)

pince-nez

Julie
Triple Stumper
    $400 17
the Blue Ridge

Patrick
    $400 2
a child's seat

Kevin
    $400 12
Gladiator

Kevin
    $600 30
(Abner) Doubleday

Patrick
    $600 8
"Tequila"

Kevin
    $1,500 23
(Kevin: What is 7?)

3

Kevin
    $600 18
(Patrick: What is Blue's Clues?)
...
(Alex: What is [*]? As if I knew that.)

One Fish, Two Fish, Red Fish, Blue Fish

Patrick
Triple Stumper
    $600 3
Does it shrink?

Patrick
    $600 13
Grand

Patrick
    $800 29
(Upton) Sinclair

Patrick
    $800 9
Greta Garbo

Julie
    $800 24
A Scandal

Triple Stumper
    $800 19
Blue Eyes

Kevin
    $800 4
(Patrick: What is Do you accept personal checks?)

Do you accept traveler's checks?

KevinPatrick
    $800 14
Gigi

Kevin
    $1000 28
(Patrick: Who is McClelland?)
(Alex: Yes...No, no, sorry.)
...
(Alex: You added one consonant too many. It's [*], not McClelland.)

McClellan

Patrick
Triple Stumper
    $1000 10
(Samuel) Johnson

Kevin
    $1000 25
a Vampire

Kevin
    $1000 20
Bluebeard

Kevin
    $1000 5
a tripod

Julie
    $1000 15
Gaslight

Julie

Scores at the first commercial break (after clue 15):

Kevin Patrick Julie
$4,400 $800 $3,000

Scores at the end of the Jeopardy! Round:

Kevin Patrick Julie
$6,300 $1,400 $2,600

Double Jeopardy! Round responses

QUOTABLE WOMEN
GET YOUR FACTS STRAIGHT
STATES' MOST POPULOUS CITIES
ROCK & ROLL HALL OF FAMERS
THE OAK TREE
ENDS IN "ELLA"
    $400 6
Mary

Kevin
    $400 16
New Delhi

Kevin
    $400 9
Seattle

Julie
    $400 19
Paul Simon

Julie
    $400 24
robust

Patrick
    $400 1
an umbrella

Kevin
    $800 7
temptation

Kevin
    $800 17
Sassafras

Patrick
    $800 10
Phoenix

Julie
    $800 20
The Band

Julie
    $800 25
the live oak

Kevin
    $800 2
Cruella (de Vil)

Julie
    $1200 8
yeast

Patrick
    $1200 18
an insurrection (rebellion)

Kevin
    $1200 11
Kansas City

Julie
    $1200 21
(Patrick: What are Cream and Derek and the Dominoes?)
(Julie: What are Cream and Blind Faith?)

Cream & The Yardbirds

PatrickJulie
Triple Stumper
    $1200 26
the oak leaf cluster

Triple Stumper
    $1200 3
citronella

Julie
    $3,000 14
Erma Bombeck

Patrick
    $1600 29
[The end-of-round signal sounds.]

Stendhal

Kevin
    $1600 12
Boise

Julie
    $1600 22
The Drifters

Patrick
    $1600 27
Bucket

Julie
    $1,000 4
(Julie: I can't think of it. What is the [*]?)
(Alex: Yes!)

tarantella

Julie
    $2000 15
Elisabeth Kübler-Ross

Triple Stumper
    $2000 13
Billings

Patrick
    $2000 23
(Alex: And he's still working, I believe. His name is [*]. We have less than a minute to go now, Patrick.)

Clive Davis

Triple Stumper
    $2000 28
tannin

Kevin
    $2000 5
flagella

Kevin

Scores at the end of the Double Jeopardy! Round:

Kevin Patrick Julie
$15,900 $9,200 $11,200

[wagering suggestions for these scores]

Final Jeopardy! Round responses

COUNTRIES OF THE WORLD
(Alex: It's on Africa, in Africa.)
PatrickWhat is Angora?
$6,800
JulieWhat is Algeria
$10,000
KevinWhat is Angola
$6,501
Algeria

Final scores:

Kevin Patrick Julie
$9,399 $2,400 $21,200
2nd place: trip to Bahamia 3rd place: stay at Renaissance Beverly Hills Hotel New champion: $21,200

Game dynamics:

Coryat scores:

Kevin Patrick Julie
$17,400 $7,800 $11,800
22 R,
1 W
(including 1 DD)
14 R
(including 1 DD),
4 W
14 R
(including 1 DD),
2 W

Combined Coryat: $37,000

[game clues] [game scores] [suggest correction]

Game tape date: 2002-01-14
The J! Archive is created by fans, for fans. Scraping, republication, monetization, and malicious use prohibited; this site may use cookies and collect identifying information. See terms. The Jeopardy! game show and all elements thereof, including but not limited to copyright and trademark thereto, are the property of Jeopardy Productions, Inc. and are protected under law. This website is not affiliated with, sponsored by, or operated by Jeopardy Productions, Inc. Join the discussion at JBoard.tv.